000 02204nam1a2200349 4500
001 RU\NLR\BIBL_A\022648546
005 20260517063110.0
035 _a(NLR Aleph) 022648546
090 _a13551776
_c13551776
100 _a20260215 rusy50
101 0 _arus
102 _aRU
105 _a z
181 0 _ai
_bxxxe
182 0 _an
200 1 _aФольклорно-этнографические материалы из архива Русского географического общества XIX века по Воронежской губернии
_fВоронежский государственный университет, Филологический факультет, Кафежра теории литературы и гуманитарных наук, Лаборатория народной культуры им. проф. С. Г. Лазутина
_gсоставители: доц. Т. Ф. Пухова, А. А. Чернобаева
_gнаучный редактор, автор вступительной статьи: Т. Ф. Пухова
203 _aТекст
_bвизуальный
_cнепосредственный
205 _a2-е изд., испр.
210 _aВоронеж
_cНаучная книга
_d2025–
225 1 _aАфанасьевский сборник
_eматериалы и исследования
_vвып. 11
606 1 _aРусский фольклор
_yВоронежская область
_91547920
_3RU\NLR\AUTH\66976653
686 1 _aШ3(2=1Р)-699.0
686 1 _aТ52(2Р345-4Вр)-7
702 1 _aПухова
_bТ. Ф.
_gТатьяна Федоровна
_4220
_4340
711 0 2 _aРусское географическое общество
_cСанкт-Петербург
_9290445
_3RU\NLR\AUTH\888971
712 0 2 _4570
_aЛаборатория народной культуры им. С. Г. Лазутина
_cВоронеж
_9586545
_3RU\NLR\AUTH\8810043515
852 _aNLR
_j2025-3/22596
942 _cUNSPEC
980 _aNB